000 00763nam0a22002531 4500
001 rc\2775204
005 20250806204712.0
035 _a(NLR Aleph) 006901503
090 _a14733
_c14733
100 _a20110915d1941 u y0rusy50 ca
101 0 _arus
102 _aRU
105 _ay z |||||
200 1 _aОпыт мопровцев Ленинской дороги
210 _a[Каунас]
_cЦК МОПР Литвы
_d[1941]
215 _a20 с.
_d17 см.
700 1 _aГаланина
_bА.П.
_gАгриппина Петровна
801 0 _aRU
_bNLR
_gpsbo
801 1 _aRU
_bELAR
_2rusmarc
852 _aNLR
_jИр62 Г-2/8
942 _cBOOK
945 _aРоссийская национальная библиотека
980 _aNB
980 _aBV